000 00416 a2200133 4500
005 20250625132847.0
020 _a0 19 372450 x
082 _aLM 320.9678 PRA
100 _aPRATT, C.
245 _aThe Critical Phase in Tanzania 1945 - 1968: Nyerere and the Emergency of a Socialist Strategy.
260 _aNairobi,
_bOxford University Press,
_c1978.
300 _ax, 309p.
_bBibliography & Index
_c24cm.
942 _2ddc
_cBKS
999 _c110
_d110